Uniting Europe journey between gloom and glory /

Bibliographic Details
Main Author: Rothacher, Albrecht.
Corporate Author: ProQuest (Firm)
Format: Electronic eBook
Language:English
Published: London : Singapore ; Hackensack, NJ : Imperial College Press ; Distributed by World Scientific, c2005.
Subjects:
Online Access:Click to View
LEADER 01590nam a2200409Ia 4500
001 EBC1214445
003 MiAaPQ
005 20200520144314.0
006 m o d |
007 cr cn|||||||||
008 041215s2005 enk sb 001 0 eng d
010 |z  2004065843 
020 |z 1860945163 (alk. paper) 
020 |z 9781860945168 
020 |z 9781860947230 
035 |a (MiAaPQ)EBC1214445 
035 |a (Au-PeEL)EBL1214445 
035 |a (CaPaEBR)ebr10713453 
035 |a (CaONFJC)MIL186688 
035 |a (OCoLC)815741980 
040 |a MiAaPQ  |c MiAaPQ  |d MiAaPQ 
050 4 |a HC240  |b .R68 2005 
082 0 4 |a 337.1/42  |2 22 
100 1 |a Rothacher, Albrecht. 
245 1 0 |a Uniting Europe  |h [electronic resource] :  |b journey between gloom and glory /  |c Albrecht Rothacher. 
260 |a London :  |b Imperial College Press ;  |a Singapore ;  |a Hackensack, NJ :  |b Distributed by World Scientific,  |c c2005. 
300 |a xii, 264 p. 
504 |a Includes bibliographical references (p. 233-238) and index. 
533 |a Electronic reproduction. Ann Arbor, MI : ProQuest, 2015. Available via World Wide Web. Access may be limited to ProQuest affiliated libraries. 
610 2 0 |a European Union. 
650 0 |a Federal government  |z European Union countries. 
651 0 |a European Union countries  |x Economic policies. 
651 0 |a European Union countries  |x Social policies. 
651 0 |a European Union countries  |x Relations. 
655 4 |a Electronic books. 
710 2 |a ProQuest (Firm) 
856 4 0 |u https://ebookcentral.proquest.com/lib/matrademy/detail.action?docID=1214445  |z Click to View